Juan Bosch no quiso gobernar / (Registro nro. 21658)
[ vista simple ]
| 000 -CABECERA | |
|---|---|
| campo de control de longitud fija | 01433nam a2200253 a 4500 |
| 001 - NÚMERO DE CONTROL | |
| campo de control | 000022160 |
| 003 - IDENTIFICADOR DEL NÚMERO DE CONTROL | |
| campo de control | OSt |
| 005 - FECHA Y HORA DE LA ÚLTIMA TRANSACCIÓN | |
| campo de control | 20260321073640.0 |
| 008 - DATOS DE LONGITUD FIJA--INFORMACIÓN GENERAL | |
| campo de control de longitud fija | 100917s19uu dr 000 0 spa d |
| 040 ## - FUENTE DE LA CATALOGACIÓN | |
| Centro catalogador/agencia de origen | DO-SdBNP |
| Lengua de catalogación | spa |
| Centro/agencia transcriptor | BNPHU |
| 082 ## - NÚMERO DE LA CLASIFICACIÓN DECIMAL DEWEY | |
| Número de clasificación | 320.9729354 |
| Número de documento/Ítem | R173J |
| 100 1# - ENTRADA PRINCIPAL--NOMBRE DE PERSONA | |
| Nombre de persona | Ramírez Morillo, Belarminio, |
| Fechas asociadas al nombre | 1964- |
| 9 (RLIN) | 2520 |
| 245 10 - MENCIÓN DE TÍTULO | |
| Título | Juan Bosch no quiso gobernar / |
| Mención de responsabilidad, etc. | Belarminio Ramírez Morillo. |
| 260 ## - PUBLICACIÓN, DISTRIBUCIÓN, ETC. | |
| Lugar de publicación, distribución, etc. | [Santo Domingo] : |
| Nombre del editor, distribuidor, etc. | [s.n.], |
| Fecha de publicación, distribución, etc. | [197?]. |
| 300 ## - DESCRIPCIÓN FÍSICA | |
| Extensión | 151 p. ; |
| Dimensiones | 21 cm. |
| 500 ## - NOTA GENERAL | |
| Nota general | Incluye referencias bibliográficas y notas al pie de las páginas |
| 505 2# - NOTA DE CONTENIDO CON FORMATO | |
| Nota de contenido con formato | La Campaña electoral de 1962 -- Situación política durante el período de transición -- El gobierno de Bosch -- La crisis domínico haitiana -- El modelo constitucional -- Los medios de comunicación en la crisis -- Los Estados Unidos y la revolución -- Crisis PRD-Gobierno -- La iglesia y el poder político -- La meditación de Angel Liz -- La crisis final: Huelga del 20 de septiembre de 1963 -- Bosch dispuesto a entregar la democracia para que la sacrifiquen -- Manifiesto dirigido al Pueblo Dominicano por los comandos de las FFAA y la PN que depusieron a Bosch. |
| 590 ## - NOTA LOCAL (RLIN) | |
| Nota local | Inventariado, 2019/VM |
| 600 10 - PUNTO DE ACCESO ADICIONAL DE MATERIA--NOMBRE DE PERSONA | |
| Nombre de persona | Bosch, Juan, |
| Fechas asociadas al nombre | 1909-2001 |
| 9 (RLIN) | 76555 |
| 651 #0 - PUNTO DE ACCESO ADICIONAL DE MATERIA--NOMBRE GEOGRÁFICO | |
| Nombre geográfico | República Dominicana |
| Subdivisión general | Política y gobierno |
| 9 (RLIN) | 45 |
| 651 #4 - PUNTO DE ACCESO ADICIONAL DE MATERIA--NOMBRE GEOGRÁFICO | |
| Nombre geográfico | República Dominicana |
| Subdivisión general | Historia |
| Subdivisión cronológica | 1962-1963 |
| 9 (RLIN) | 45863 |
| 910 ## - DATOS DE OPCIÓN DEL USUARIO (OCLC) | |
| Datos de opción del usuario | Validado. Control de calidad MFF |
| 942 ## - ELEMENTOS DE PUNTO DE ACCESO ADICIONAL (KOHA) | |
| Fuente del sistema de clasificación o colocación | Dewey Decimal Classification |
| Tipo de ítem Koha | Libro |
| Estado de retiro | Estado de pérdida | No para préstamo | Código de colección | Localización permanente | Ubicación/localización actual | Ubicación en estantería | Fecha de adquisición | Número de inventario | Total de préstamos | Signatura topográfica completa | Código de barras | Fecha visto por última vez | Precio válido a partir de | Tipo de ítem Koha | Número de copia | Restricciones de uso |
|---|---|---|---|---|---|---|---|---|---|---|---|---|---|---|---|---|
| Excluido de préstamo | Patrimonio Dominicano | Patrimonio Dominicano | Patrimonio Dominicano | Depósito | 17.09.2010 | LF1 | 320.9729354 R173J | 22160-10 | 25.06.2020 | 25.06.2020 | Libro y Folleto Colección Patrimonio Dominicano | |||||
| Excluido de préstamo | Patrimonio Dominicano | Patrimonio Dominicano | Patrimonio Dominicano | Depósito | 12.06.2015 | LF1 | 320.9729354 R173J | 22160-20 | 25.06.2020 | 25.06.2020 | Libro y Folleto Colección Patrimonio Dominicano | e. 2 | ||||
| Dominicana de Servicio | Patrimonio Dominicano | Patrimonio Dominicano | Depósito | 30.06.2015 | LF1 | 320.9729354 R173J | 22160-30 | 25.06.2020 | 25.06.2020 | Libro y Folleto Colección Dominicana de Servicio | e. 3 |
